L'Italia
Descripción Física:
1 volum, [95] pàgines : il·lustracions en color ; 30 x 21 cm
Idioma:
Catalán , French
MARC
| LEADER | 00000nas a2200000 a 4500 | ||
|---|---|---|---|
| 001 | 29258 | ||
| 003 | AGDB | ||
| 005 | 20260324181545.0 | ||
| 008 | 260120b spa||||| |||| 00| 0 cat d | ||
| 040 | |a agdb |b cat | ||
| 041 | |a fre | ||
| 245 | |a L'Italia | ||
| 260 | |a Milano : |b Compagnia Edizioni Internazionali, |c 1973 | ||
| 300 | |a 1 volum, [95] pàgines : |b il·lustracions en color ; |c 30 x 21 cm | ||
| 500 | |a Prové del fons Joan Junyer i Pascual (1909-1994) | ||
| 500 | |a Número titulat: Printemps en Italie | ||
| 500 | |a Edició francesa de la revista italiana ENIT Rivista L'Italia | ||
| 650 | |a Fons Joan Junyer i Pascual (1909-1994) |9 72777 | ||
| 655 | 0 | |a Revistes |9 55823 | |
| 866 | |a Nº 5 (1973) | ||
| 942 | |2 udc |c ARXIU |n 1 | ||
| 952 | |0 0 |1 0 |2 udc |4 0 |6 F504389 |7 1 |9 98987 |a Arxiu |b Arxiu |d 2026-01-20 |h Núm. 5 (1973) |l 0 |o F-504-389 |p 29258 |r 2026-01-20 13:07:18 |w 2026-01-20 |y ARXIU | ||
| 999 | |c 130653 |d 130653 | ||